MANAGEMENT DECISION MAKING SPREADSHEET M (Record no. 35127)
[ view plain ]
| 000 -LEADER | |
|---|---|
| fixed length control field | 00268nam a2200109Ia 4500 |
| 008 - FIXED-LENGTH DATA ELEMENTS--GENERAL INFORMATION | |
| fixed length control field | 240625s9999 xx 000 0 und d |
| 041 ## - LANGUAGE CODE | |
| Language code of text/sound track or separate title | eng |
| 082 ## - DEWEY DECIMAL CLASSIFICATION NUMBER | |
| Classification number | 658.4038 MON |
| 100 ## - MAIN ENTRY--PERSONAL NAME | |
| Personal name | MONAHAN GEORGE E |
| 245 ## - TITLE STATEMENT | |
| Title | MANAGEMENT DECISION MAKING SPREADSHEET M |
| 260 ## - PUBLICATION, DISTRIBUTION, ETC. | |
| Date of publication, distribution, etc. | 2010 |
| Withdrawn status | Lost status | Damaged status | Not for loan | Home library | Current library | Shelving location | Date acquired | Full call number | Barcode | Date last seen | Price effective from | Koha item type |
|---|---|---|---|---|---|---|---|---|---|---|---|---|
| IMTN | IMTN | Rack 29-A | 06/14/2015 | 658.4038 MON | CD2155 | 06/25/2024 | 06/25/2024 | CD |